000 00671nam a2200205Ii 4500
003 JO-AjNU
008 230605s9999||||xx |||||||||||||| ||und||
040 _aJO-AjNU
_bara
_erda
_cJO-AjNU
041 _aara
050 1 4 _aBP173.5.Q85 1986
100 3 _aقطب، محمد,
_eauthor
_99940
245 0 0 _aالتطور والثبات في حياة البشرية
250 _aط6
264 3 1 _aبيروت: دار الشروق، 1986
300 _a313ص
336 _atext
_btxt
_2rdacontent
337 _aunmediated
_bn
_2rdamedia
338 _avolume
_bnc
_2rdacarrier
650 4 _aالاسلام والاصلاح الاجتماعي- الاسلام والمجتمع
_99941
999 _aA1555
_c5123
_d5123